000 00628nam a2200229Ia 4500
003 OSt
005 20221006164305.0
006 a|||||r|||| 00| 0
007 ta
008 221006b |||||||| |||| 00| 0 eng d
024 _a1,286
037 _cTextual
040 _aFML
_cFML
_beng
041 _2eng
_aeng
082 _a(:f)ObMZ, N31
100 _aKrishnaswami O R Au.
_9677063
245 0 _aMethedology of Research in Social Sciences
260 _aMumbai
_bHimalaya Publication
_c1993
300 _a529
_ccm.
942 _h(:f)ObMZ, N31
_cTEXL
_2CC
999 _c1116757
_d1116757